000 01149cam a2200193 4500500
005 20260111094041.0
041 _afre
042 _adc
100 1 0 _aRoy, Olivier
_eauthor
700 1 0 _aBayri, Haldun
_eauthor
700 1 0 _aRégnier, Quentin
_eauthor
245 0 0 _aY a-t-il un avenir pour l’Afghanistan ?
260 _c2021.
500 _a34
520 _aAprès l’échec des Américains, les talibans peuvent construire un État stable en Afghanistan parce qu’ils sont capables de lutter contre la corruption et de négocier avec les pouvoirs locaux. Mais cela suppose qu’il n’y ait pas de nouvelle ingérence étrangère et cela se fera au détriment des femmes.
520 _aAfter the Americans failure, the Taliban can build a stable state in Afghanistan because they are able to fight corruption and negotiate with local authorities. However, it assumes that there will be no further foreign interference and it will come at the expense of women.
786 0 _nEsprit | Octobre | 10 | 2021-10-04 | p. 105-113 | 0014-0759
856 4 1 _uhttps://shs.cairn.info/revue-esprit-2021-10-page-105?lang=fr&redirect-ssocas=7080
999 _c1627838
_d1627838